Quizzes
Events
Quiz Creation
Community
Videos
Private Events
Remove Ads
Sign In
Join for FREE
Feedback
Dark Mode
Quiz Categories
Sports
Geography
Music
Movies
Television
Just For Fun
Miscellaneous
History
Literature
Language
Science
Gaming
Entertainment
Religion
Holiday
For Kids
Quiz Lab
Recent
Popular Today
Quiz Kudos Today
Editor Picks
Curator Picks
Quizzes by...
Day
Popularity
Type
Ratings
Length
Year
Community
Subscriptions
Recent Discussions
Orange Saloon
Badges
Playlists
Quests
Create
Leaderboards
Showdown
Live 5
Trivia Bingo
Activity
Puzzle Library
Sporcle Events
Private Events
Virtual Trivia
Globe League
Become a Host
Pub Owners
SporcleCon
Opinionation
Our Games
Videos
Blog
Mobile Apps
Partnerships
Remove Ads and Go Orange
Feedback
Just For Fun
Clickable
Get the Picture
Humor
Quick Pick
Word Ladder
Missing Word
Mixed Word
Blitz
Minefield
This or That
Alphabet
Color
Typing
Sporcle
Puzzle
Word Play
Follow That Line
Logic
Just For Fun
Clickable
Get the Picture
Humor
Quick Pick
Word Ladder
Missing Word
Mixed Word
Blitz
Minefield
This or That
Alphabet
Color
Typing
Sporcle
Puzzle
Word Play
Follow That Line
Logic
Random Quiz
Search Sporcle
×
Quiz Lab
Quiz Lab
Just For Fun
Company
Type in answers that appear in a list
Type in answers that appear in a list
Classic
Best Score? Go Orange.
American Calculator Companies Stats
Strictly American calculators.
By
adiffor7
5m
23 Questions
14 Plays
14 Plays
14 Plays
Comments
Comments
Give Quiz Kudos
Give Quiz Kudos
-
- Ratings
hide this ad
More Info
Replay
Link that replays current quiz
Next Quiz
Link to next quiz in quiz playlist
You Got
0%
They Got
Avg Score
11%
Avg Friend Score
Upgrade to see
Score Distribution
Jump to the score distribution portion of the page
Score
0/23
Timer
05:00
0
Plays Today
Made In
Company
% Correct
USA
Texas Instruments
85.7%
USA
Wang
21.4%
USA
APF
14.3%
USA
Commodore/CBM
14.3%
USA
Hewlett Packard
14.3%
USA
Bowmar
7.1%
USA
Burroughs
7.1%
USA
Compucorp
7.1%
USA
Felt & Tarrant
7.1%
USA
Friden
7.1%
USA
General Instrument
7.1%
USA
Litronix
7.1%
Made In
Company
% Correct
USA
Lloyd's
7.1%
USA
Marchant
7.1%
USA
Monroe
7.1%
USA
National Semiconductor
7.1%
USA
Novus
7.1%
USA
Rockwell
7.1%
USA
Singer-Friden
7.1%
USA
Summit
7.1%
USA
Unicom
7.1%
USA
Victor
7.1%
USA
Comptometer
0%
Quiz Playlist
Details
Report
Send in Message
Add To Playlist
More Info:
Only American calculator companies are shown,
however, alternate answers are accepted.
Classic:
Type in answers that appear in a list
Quiz Source
Last Updated: Sep 12, 2017
Quiz Scoreboard
CHALLENGE
Sign Up to Join the Scoreboard
Show All
Scores
Hide
Comments
May contain spoilers
Recently Published
Presidents Visiting Landmarks
by Hejman
History
7m
An Introduction to Baseball
by treessimontrees
Sports
5m
Movies - When Are They Set?
by FPL_Elf
Movies
5m
More to Explore
Quiz From the Vault
Featured Blog Post
Where Did the Easter Bunny Come From?
hide this ad
You Might Also Like...
Tags
Company Quiz
America
calculator
Strictly
Today's Top Quizzes in Just For Fun
Browse Just For Fun
hide this ad
Today's Top Quizzes in Company
Browse Company
Top Contributed Quizzes in Just For Fun
1
Spring Typing Challenge
2
Killer Double Trees 224 - Colour Match-Up
3
Crossword Whiteout! 49
4
Zeroing In: Just For Fun
5
Harry Potter Logic - 'In Chains' II
6
Survivor Winners Logic Puzzle
7
Word Ladder: Ahoy Matey
8
Kyle's 122nd Triple Trees
9
Edinburgh Fringe jokes 2015
10
Word Ladder: Wilderness Weapon
Explore More
Trending Topics
Disney
Marvel
Kpop
Anime
Crossword
NBA
Harry Potter
WWE
Puzzle
Country
The Office
NFL
Soccer
Song
Pokémon
hide this ad
More By:
adiffor7
Quiz
Plays
Rating
Category
Featured
Created
'The Hobbit' Start to Finish
15,278
4.42
Literature
Jun 20, 2017
LEGO Star Wars: The Complete Saga Characters (Map)
12,531
4.61
Gaming
Mar 19, 2017
STAR WARS: Aurebesh Language
11,091
4.88
Just For Fun
Jun 5, 2017
'Minecraft' (First Day) Start to Finish
5,767
3.17
Gaming
Jul 20, 2017
LEGO Harry Potter Years 1-4 Characters (Map)
4,984
4.66
Gaming
Jul 8, 2017
Go to Creator's Profile
Score Distribution
Quiz Creator Spotlight
adiffor7
Follow
Send a Message
Quizzes Created
-
Created Quiz Play Count
-
More By This Creator
Popular Quizzes Today
1
Find the US States - No Outlines Minefield
2
Find the Countries of Europe - No Outlines Minefield
3
The Countries of the World
4
Find the US States
5
Popular People in 1961
6
US States
7
Risky Map Clicking: Biggest States A-Z
8
Movies - When Are They Set?
More Just For Fun Quizzes
Trees Logic Puzzle 207
Quiz Lab
Trending Quizzes
Risky Map Clicking: Least Populous States A-Z
1-10 Letter G Words
1-10 Letter F Words
Risky Map Clicking: Next State Alphabetically
Risky Map Clicking: Biggest States A-Z
Recently Updated
Leaping Animals
pecheneg
Reality TV Shows (A-Z)
bhenderson79
Rickey Henderson's Hall of Fame Teammates
pecheneg
Champions League XIs: Arsenal
pecheneg
Quick Pick: Celebrities in WWE's Hall of Fame
aduchscher
A-Z Keypad Blitz II
pecheneg
Multiple Oscar Actors
pecheneg
Mystery Phrase Blitz: Oscar 'Best Actors'
pecheneg
F. Scott Fitzgerald Novels
LTH
Pick 3 Villains
ddd62291
Trending Topics
Crossword
Marvel
Harry Potter
NBA
Disney
Kpop
Anime
Pokémon
Soccer
Country
Song
Puzzle
The Office
WWE
NFL
Your Account Isn't Verified!
In order to create a playlist on Sporcle, you need to verify the email address you used during registration. Go to your
Sporcle Settings
to finish the process.
Report this User
Report this user for behavior that violates our
Community Guidelines
.
Details:
Send Report
Go to the Sporcle.com Mobile Site →
Comments